MDQL
is popping MORE tags! Check the
thread
!
Quizzes
Events
Quiz Creation
Community
Videos
Private Events
Remove Ads
Sign In
Join for FREE
Feedback
Dark Mode
Quiz Categories
Sports
Geography
Music
Movies
Television
Just For Fun
Miscellaneous
History
Literature
Language
Science
Gaming
Entertainment
Religion
Holiday
For Kids
Quiz Lab
Recent
Popular Today
Quiz Kudos Today
Editor Picks
Curator Picks
Quizzes by...
Day
Popularity
Type
Ratings
Length
Year
Community
Subscriptions
Recent Discussions
Orange Saloon
Badges
Playlists
Quests
Create
Leaderboards
Showdown
Live 5
Trivia Bingo
Activity
Puzzle Library
Sporcle Events
Private Events
Virtual Trivia
Globe League
Become a Host
Pub Owners
SporcleCon
Opinionation
Our Games
Videos
Blog
Mobile Apps
Partnerships
Remove Ads and Go Orange
Feedback
Sports
Athletes
MLB
NBA
NHL
NFL
Soccer
Sports Teams
WWE
NCAA
Football
Premier League
Basketball
Baseball
Hockey
Golf
Tennis
Cricket
Rugby
Auto Racing
Olympics
World Cup
Sports
Athletes
MLB
NBA
NHL
NFL
Soccer
Sports Teams
WWE
NCAA
Football
Premier League
Basketball
Baseball
Hockey
Golf
Tennis
Cricket
Rugby
Auto Racing
Olympics
World Cup
Random Quiz
Search Sporcle
×
Quiz Lab
Quiz Lab
Sports
Type in answers that appear in a list
Type in answers that appear in a list
Classic
Best Score? Go Orange.
2010 MLB Starting Rotations Stats
Can you name the 2010 MLB Starting Rotations?
By
GOGMEN
15m
150 Questions
332 Plays
332 Plays
332 Plays
Comments
Comments
Give Quiz Kudos
Give Quiz Kudos
-
- Ratings
hide this ad
Replay
Link that replays current quiz
Next Quiz
Link to next quiz in quiz playlist
You Got
0%
They Got
Avg Score
50%
Avg Friend Score
Upgrade to see
Score Distribution
Jump to the score distribution portion of the page
Score
0/150
Timer
15:00
0
Plays Today
Team
Player
% Correct
New York Yankees
C.C. Sabathia
94.6%
Boston Red Sox
Josh Beckett
93.7%
Texas Rangers
Cliff Lee
89.8%
New York Yankees
A.J. Burnett
89.5%
Seattle Mariners
Felix Hernandez
87%
Washington Nationals
Livan Hernandez
87%
Boston Red Sox
Jon Lester
86.7%
Florida Marlins
Josh Johnson
86.7%
Philadelphia Phillies
Roy Halladay
86.4%
Los Angeles Angels
Ervin Santana
85.8%
New York Mets
Johan Santana
85.8%
St. Louis Cardinals
Chris Carpenter
85.8%
New York Yankees
Andy Pettitte
85.2%
Boston Red Sox
John Lackey
83.7%
Houston Astros
J.A. Happ
82.8%
San Francisco Giants
Tim Lincecum
81.9%
Kansas City Royals
Zach Greinke
81.6%
New York Yankees
Phil Hughes
81%
St. Louis Cardinals
Adam Wainwright
81%
Chicago White Sox
Mark Buehrle
80.4%
Colorado Rockies
Ubaldo Jimenez
80.4%
Tampa Bay Rays
David Price
80.1%
Detroit Tigers
Justin Verlander
79.2%
Boston Red Sox
Daisuke Matsuzaka
78.6%
Arizona Diamondbacks
Joe Saunders
76.5%
San Francisco Giants
Barry Zito
75.3%
Cincinnati Reds
Bronson Arroyo
75%
Atlanta Braves
Tim Hudson
75%
San Francisco Giants
Matt Cain
75%
Philadelphia Phillies
Cole Hamels
73.5%
Chicago Cubs
Ted Lilly
71.4%
Tampa Bay Rays
James Shields
71.1%
Houston Astros
Wandy Rodriguez
70.5%
Tampa Bay Rays
Matt Garza
70.2%
Chicago White Sox
Edwin Jackson
69.9%
Los Angeles Angels
Jered Weaver
69.9%
New York Yankees
Javier Vazquez
69%
Chicago White Sox
Freddy Garcia
69%
St. Louis Cardinals
Jaime Garcia
69%
Florida Marlins
Anibal Sanchez
68.7%
San Francisco Giants
Jonathan Sanchez
68.7%
Oakland Athletics
Ben Sheets
68.4%
Baltimore Orioles
Kevin Millwood
67.2%
Boston Red Sox
Clay Buchholz
66.3%
Atlanta Braves
Derek Lowe
65.7%
Milwaukee Brewers
Yovani Gallardo
65.7%
Arizona Diamondbacks
Daniel Hudson
65.7%
Los Angeles Dodgers
Chad Billingsley
65.4%
Washington Nationals
Stephen Strasburg
64.8%
Cincinnati Reds
Edinson Volquez
64.8%
Team
Player
% Correct
Philadelphia Phillies
Jamie Moyer
64.5%
Oakland Athletics
Dallas Braden
63.6%
Minnesota Twins
Francisco Liriano
63.3%
Los Angeles Dodgers
Clayton Kershaw
62%
Cleveland Indians
Fausto Carmona
61.7%
Tampa Bay Rays
Wade Davis
61.1%
Chicago White Sox
John Danks
61.1%
New York Mets
Mike Pelfrey
60.8%
Baltimore Orioles
Jeremy Guthrie
59.9%
Atlanta Braves
Tommy Hanson
58.7%
Cincinnati Reds
Johnny Cueto
58.7%
Pittsburgh Pirates
Zach Duke
58.4%
Los Angeles Angels
Scott Kazmir
57.5%
Cleveland Indians
Jake Westbrook
56.6%
Colorado Rockies
Aaron Cook
56.6%
San Diego Padres
Mat Latos
56.3%
Toronto Blue Jays
Ricky Romero
55.7%
Minnesota Twins
Scott Baker
54.5%
Atlanta Braves
Jair Jurrjens
54.2%
Minnesota Twins
Carl Pavano
53.3%
Toronto Blue Jays
Shaun Marcum
53%
Los Angeles Angels
Dan Haren
52.4%
Philadelphia Phillies
Joe Blanton
52.4%
Los Angeles Dodgers
Vicente Padilla
52.4%
Tampa Bay Rays
Jeff Niemann
51.5%
Chicago White Sox
Gavin Floyd
51.5%
Philadelphia Phillies
Roy Oswalt
51.2%
San Diego Padres
Jon Garland
50.9%
Oakland Athletics
Trevor Cahill
50%
St. Louis Cardinals
Jeff Suppan
48.5%
Texas Rangers
C.J. Wilson
48.2%
Chicago Cubs
Ryan Dempster
48.2%
Cincinnati Reds
Mike Leake
47.6%
Baltimore Orioles
Brian Matusz
47%
Chicago Cubs
Randy Wells
45.5%
Houston Astros
Brett Myers
45.5%
Oakland Athletics
Gio Gonzalez
45.2%
Detroit Tigers
Jeremy Bonderman
44.9%
Colorado Rockies
Jeff Francis
44.3%
Milwaukee Brewers
Randy Wolf
43.7%
Kansas City Royals
Brian Bannister
41.9%
Florida Marlins
Ricky Nolasco
41.6%
Detroit Tigers
Rick Porcello
41.3%
Minnesota Twins
Nick Blackburn
41.3%
Texas Rangers
Scott Feldman
41%
New York Mets
R.A. Dickey
40.4%
Cincinnati Reds
Travis Wood
40.4%
Pittsburgh Pirates
Paul Maholm
40.4%
St. Louis Cardinals
Brad Penny
38.9%
Los Angeles Angels
Joel Pineiro
38%
Team
Player
% Correct
Seattle Mariners
Ryan Rowland-Smith
37.7%
Los Angeles Dodgers
Hiroki Kuroda
35.8%
Minnesota Twins
Kevin Slowey
35.5%
Detroit Tigers
Max Scherzer
34.9%
Detroit Tigers
Armando Galarraga
34.6%
Arizona Diamondbacks
Rodrigo Lopez
33.1%
Arizona Diamondbacks
Ian Kennedy
32.8%
Texas Rangers
Colby Lewis
32.2%
Chicago Cubs
Carlos Silva
31.9%
Texas Rangers
Tommy Hunter
31.6%
New York Mets
Jon Niese
30.7%
Milwaukee Brewers
Dave Bush
30.4%
Atlanta Braves
Kenshin Kawakami
29.2%
Chicago Cubs
Tom Gorzelanny
28.9%
Seattle Mariners
Jason Vargas
28.6%
San Diego Padres
Clayton Richard
28.3%
Kansas City Royals
Kyle Davies
28%
Washington Nationals
J.D. Martin
27.4%
Toronto Blue Jays
Brandon Morrow
27.1%
Cleveland Indians
Justin Masterson
25.6%
Pittsburgh Pirates
Ross Ohlendorf
25.6%
Seattle Mariners
Doug Fister
25%
Kansas City Royals
Bruce Chen
24.7%
Toronto Blue Jays
Brett Cecil
23.8%
Colorado Rockies
Jason Hammel
23.5%
New York Mets
Hisanori Takahashi
22.9%
San Diego Padres
Kevin Correia
22.3%
Milwaukee Brewers
Manny Parra
20.5%
Houston Astros
Bud Norris
20.2%
Washington Nationals
Craig Stammen
19.6%
Cleveland Indians
Mitch Talbot
18.1%
Oakland Athletics
Vin Mazzaro
18.1%
San Diego Padres
Wade LeBlanc
17.2%
San Francisco Giants
Todd Wellemeyer
16.9%
Pittsburgh Pirates
Jeff Karstens
16%
Baltimore Orioles
Brad Bergesen
15.7%
Cleveland Indians
Aaron Laffey
15.1%
Toronto Blue Jays
Jesse Litsch
14.2%
Los Angeles Dodgers
John Ely
13.9%
Milwaukee Brewers
Chris Narveson
12.7%
Colorado Rockies
Jorge De La Rosa
12.7%
Baltimore Orioles
Jake Arrieta
12.3%
Florida Marlins
Chris Volstad
9.3%
Florida Marlins
Nate Robertson
9%
Pittsburgh Pirates
Brad Lincoln
9%
Washington Nationals
Luis Atilano
8.1%
Houston Astros
Wesley Wright
7.8%
Arizona Diamondbacks
Barry Enright
6.6%
Kansas City Royals
Anthony Lerew
6.3%
Seattle Mariners
David Pauley
6.3%
Quiz Playlist
Details
Report
Send in Message
Add To Playlist
Classic:
Type in answers that appear in a list
Last Updated: Feb 16, 2017
Quiz Scoreboard
CHALLENGE
Sign Up to Join the Scoreboard
Show All
Scores
Hide
Comments
May contain spoilers
Recently Published
Street Fighter Characters
by Artimus82
Gaming
60s
9x9 Crossword: Cartoon Network
by jackfrog10
Miscellaneous
3m
College Basketball Coaching Resumes
by pancakes188
Sports
9m
More to Explore
Quiz From the Vault
Featured Blog Post
Where Did the Easter Bunny Come From?
hide this ad
You Might Also Like...
Tags
This quiz does not have any tags.
Today's Top Quizzes in Sports
Browse Sports
hide this ad
Top Contributed Quizzes in Sports
1
2022 World Cup Stars
2
Les meilleurs buteurs des matchs entre le PSG et l’OM
3
FIFA Club World Cup Champions
4
Les entraîneurs de l'OM et du PSG au 21e siècle
5
Criteria MLB: Left Handed Sluggers
6
2023 MLB Unique Player Accomplishments
7
AFC Teams Reveal (Wrong Answers Minefield)
8
Players with Multiple 50 Home Run Seasons
9
5-to-1: FBS Animal Nicknames
10
5-to-1: UK Sports Teams
Explore More
Trending Topics
Anime
Disney
Kpop
Harry Potter
NBA
Crossword
Marvel
Pokémon
Country
Song
Soccer
Puzzle
WWE
NFL
The Office
hide this ad
More By:
GOGMEN
Quiz
Plays
Rating
Category
Featured
Created
2010 Highest Paid American Athletes
1,852
2.65
Sports
Aug 29, 2010
2010 MLB Starting Rotations
332
2.75
Sports
Jul 23, 2010
2010 MLB Opening Day Leadoff Hitters
280
4.00
Sports
Aug 1, 2010
2010 MLB Closers
221
2.67
Sports
Jul 24, 2010
Silver Slugger (Second Base)
220
1.00
Sports
Jul 19, 2010
Go to Creator's Profile
Score Distribution
Quiz Creator Spotlight
GOGMEN
Follow
Send a Message
Quizzes Created
-
Created Quiz Play Count
-
More By This Creator
Popular Quizzes Today
1
Find the US States - No Outlines Minefield
2
Find the Countries of Europe - No Outlines Minefield
3
The Countries of the World
4
Find the US States
5
Risky Map Clicking: Biggest States A-Z
6
US States
7
Popular People in 1961
8
Movies - When Are They Set?
More Sports Quizzes
100 Great Argentinian Football Players
Quiz Lab
Trending Quizzes
Risky Map Clicking: Least Populous States A-Z
Countries of the World: 200 Million BC
1-10 Letter G Words
Risky Map Clicking: Next State Alphabetically
Adjectives in 80s TV Shows
Recently Updated
Leaping Animals
pecheneg
Reality TV Shows (A-Z)
bhenderson79
Rickey Henderson's Hall of Fame Teammates
pecheneg
Champions League XIs: Arsenal
pecheneg
Quick Pick: Celebrities in WWE's Hall of Fame
aduchscher
A-Z Keypad Blitz II
pecheneg
Multiple Oscar Actors
pecheneg
Mystery Phrase Blitz: Oscar 'Best Actors'
pecheneg
F. Scott Fitzgerald Novels
LTH
Pick 3 Villains
ddd62291
Trending Topics
Kpop
Marvel
Anime
Disney
NBA
Crossword
Harry Potter
Pokémon
The Office
NFL
Puzzle
Soccer
Song
WWE
Country
Your Account Isn't Verified!
In order to create a playlist on Sporcle, you need to verify the email address you used during registration. Go to your
Sporcle Settings
to finish the process.
Report this User
Report this user for behavior that violates our
Community Guidelines
.
Details:
Send Report
Go to the Sporcle.com Mobile Site →
Comments